Artists That Have Worked with Danny Brown - Statistics

General Stats
  • This quiz has been taken 26 times
  • The average score is 6 of 35
Answer Stats
Artist % Correct
Kendrick Lamar
100%
Earl Sweatshirt
91%
Ab-Soul
77%
Freddie Gibbs
27%
A$AP Rocky
23%
Eminem
23%
MIKE
23%
Run the Jewels
23%
Bruiser Wolf
18%
Charli XCX
18%
Kelela
18%
Schoolboy Q
18%
Big Sean
14%
Purity Ring
14%
Quadeca
14%
Royce Da 5'9
14%
ZeLooperZ
14%
Alt-J
9%
Dej Loaf
9%
K. Flay
9%
Trick Trick
9%
Dad
5%
E-40
5%
Gorillaz
5%
Korn
5%
Payday
5%
Billy Woods
0%
DJ Shadow
0%
Dorian Electra
0%
Freddie Dredd
0%
Insane Clown Posse
0%
Kenny Segal
0%
Meechy Darko
0%
Paul White
0%
Rustie
0%
No matching quizzes found
Score Distribution
Percent of People with Each Score
Percentile by Number Answered
Your Score History
You have not taken this quiz